Macroeconomía / (Registro nro. 4368)
[ vista simple ]
| 000 -LEADER | |
|---|---|
| fixed length control field | 01417nam a2200313Ia 4500 |
| 003 - CONTROL NUMBER IDENTIFIER | |
| control field | OSt |
| 005 - DATE AND TIME OF LATEST TRANSACTION | |
| control field | 20211108172603.0 |
| 008 - FIXED-LENGTH DATA ELEMENTS--GENERAL INFORMATION | |
| fixed length control field | 191128t1991 sp ad fr 000 0 spa d |
| 020 ## - INTERNATIONAL STANDARD BOOK NUMBER | |
| International Standard Book Number | 8476156839 |
| 040 ## - CATALOGING SOURCE | |
| Original cataloging agency | CO-JMCR |
| Transcribing agency | CO-JMCR |
| 041 1# - LANGUAGE CODE | |
| Language code of text/sound track or separate title | spa |
| Language code of original | eng |
| 082 04 - DEWEY DECIMAL CLASSIFICATION NUMBER | |
| Classification number | 339 / |
| Item number | D713m1 |
| Edition number | 23 |
| 100 1# - MAIN ENTRY--PERSONAL NAME | |
| Personal name | Dornbusch, Rudiger, |
| Relator term | autor |
| 9 (RLIN) | 6785 |
| 245 10 - TITLE STATEMENT | |
| Title | Macroeconomía / |
| Statement of responsibility, etc. | Rudiger Dornbusch y Stanley Fischer ; traducción, Jimena Garcia-Pardo y Alonso Ojeda ; revisión técnica, Jose Antonio Garcia-Duran, Luis Toharia |
| 250 ## - EDITION STATEMENT | |
| Edition statement | Quinta edición |
| 260 ## - PUBLICATION, DISTRIBUTION, ETC. | |
| Place of publication, distribution, etc. | Madrid : |
| Name of publisher, distributor, etc. | McGraw-Hill, |
| Date of publication, distribution, etc. | ©1991 |
| 300 ## - PHYSICAL DESCRIPTION | |
| Extent | xv, 974 páginas : |
| Other physical details | ilustraciones y gráficas a blanco y negro ; |
| Dimensions | 24 cm. |
| 500 ## - GENERAL NOTE | |
| General note | Incluye notas a pie de página. |
| 505 0# - FORMATTED CONTENTS NOTE | |
| Formatted contents note | La contabilidad nacional -- la renta y el gasto -- El dinero, el interés y la renta -- La política fiscal, el efecto del desplazamiento y la convinación de politicas económicas -- Las relaciones internacionales -- La oferta y la demanda agregadas |
| 650 14 - SUBJECT ADDED ENTRY--TOPICAL TERM | |
| Topical term or geographic name entry element | Macroeconomía |
| General subdivision | fundamentos |
| 9 (RLIN) | 7841 |
| 650 24 - SUBJECT ADDED ENTRY--TOPICAL TERM | |
| Topical term or geographic name entry element | Política monetaria |
| 9 (RLIN) | 7842 |
| 650 24 - SUBJECT ADDED ENTRY--TOPICAL TERM | |
| Topical term or geographic name entry element | Crecimiento económico |
| 9 (RLIN) | 3636 |
| 700 1# - ADDED ENTRY--PERSONAL NAME | |
| Personal name | Fischer, Stanley, |
| Relator term | autor |
| 9 (RLIN) | 7832 |
| 700 1# - ADDED ENTRY--PERSONAL NAME | |
| Personal name | Garcia-Pardo, Jimena, |
| Relator term | traductora |
| 9 (RLIN) | 7843 |
| 700 1# - ADDED ENTRY--PERSONAL NAME | |
| Personal name | Ojeda, Alonso, |
| Relator term | traductor |
| 9 (RLIN) | 7844 |
| 700 1# - ADDED ENTRY--PERSONAL NAME | |
| Personal name | Garcia-Duran, Jose Antonio, |
| Relator term | revisor |
| 9 (RLIN) | 41443 |
| 700 1# - ADDED ENTRY--PERSONAL NAME | |
| Personal name | Toharia, Luis, |
| Dates associated with a name | revisor |
| 9 (RLIN) | 41444 |
| 942 ## - ADDED ENTRY ELEMENTS (KOHA) | |
| Source of classification or shelving scheme | Dewey Decimal Classification |
| Koha item type | Books |
| Withdrawn status | Lost status | Source of classification or shelving scheme | Damaged status | Not for loan | Collection code | Home library | Current library | Date acquired | Source of acquisition | Total Checkouts | Total Renewals | Full call number | Barcode | Date last seen | Date last checked out | Copy number | Koha item type | Price effective from | Public note |
|---|---|---|---|---|---|---|---|---|---|---|---|---|---|---|---|---|---|---|---|
| Dewey Decimal Classification | Non-fiction | Biblioteca Pública José María del Castillo y Rada | Biblioteca Pública José María del Castillo y Rada | 12/01/2017 | Donación | 2 | 3 | 339 / D713m1 | 201809218 | 04/13/2026 | 03/24/2026 | Ej.1 | Books | ||||||
| Dewey Decimal Classification | Non-fiction | Biblioteca Pública José María del Castillo y Rada | Biblioteca Pública José María del Castillo y Rada | 04/15/2018 | Donación | 339 / D713m1 | 430005839 | 05/16/2024 | Ej.2 | Books | 10/29/2021 | Exilibris: Nota del autor en portada con tinta azul, tapa rasgada en la esquina. |